К вопросу интенсификации восстановления трубопроводов с применение пластмассовых труб; Трубопроводы и экология; № 2

ग्रंथसूची विवरण
Parent link:Трубопроводы и экология: научно-практический журнал.— , 2002-2012
№ 2.— 2002.— С. 9-10
मुख्य लेखक: Харькин В. А.
भाषा:रूसी
प्रकाशित: 2002
श्रृंखला:Бестраншейные технологии
विषय:
स्वरूप: पुस्तक अध्याय
KOHA link:https://koha.lib.tpu.ru/cgi-bin/koha/opac-detail.pl?biblionumber=383296

MARC

LEADER 00000naa2a2200000 4500
001 383296
005 20231101063110.0
035 |a (RuTPU)RU\TPU\prd\8770 
090 |a 383296 
100 |a 20021128a2002 k y0rusy50 ca 
101 0 |a rus 
102 |a RU 
200 1 |a К вопросу интенсификации восстановления трубопроводов с применение пластмассовых труб  |f В. А. Харькин 
225 1 |a Бестраншейные технологии 
320 |a Библиогр.: 4 назв. 
461 1 |0 (RuTPU)RU\TPU\prd\4239  |t Трубопроводы и экология  |o научно-практический журнал  |d 2002-2012 
463 1 |0 (RuTPU)RU\TPU\prd\6043  |t № 2  |v С. 9-10  |d 2002 
610 1 |a пластмассовые трубы 
610 1 |a трубопроводные сети 
610 1 |a восстановительные работы 
610 1 |a фирменные технологии 
700 1 |a Харькин  |b В. А. 
801 1 |a RU  |b 63413507  |c 20021128  |g PSBO 
801 2 |a RU  |b 63413507  |c 20140703  |g RCR 
942 |c BK